Statistics for The Ultimate Mets Trivia Quiz

Click here to take the quiz!

General Stats

  • This quiz has been taken 78 times
  • The average score is 27 of 71

Answer Stats

ClueAnswer% Correct
1The # of games won by the Mets in 1962 (first year).40
87%
10The year Shea Stadium opened.1964
65%
51967 Rookie of The YearTom Seaver
63%
9The Mets traded Seaver to this team in 1977.Cincinnati Reds
60%
20In 1985, the Mets acquired this superstar catcher from the Montreal Expos.Gary Carter
57%
8# of games won by the Mets in the 1969 regular season.100
52%
18Two years later, this hard-throwing hurler was selected #5 overall in the 1982 draft by Mets.Dwight Gooden
52%
6Tom’s left-hand manJerry Koosman
52%
69In 2019, the Mets called up this top prospect from the Florida Gators, who would go onto break the all-time rookie record for homeruns with 53.Pete Alonso
52%
71Bryce Harper and this team finished in 4th place with 81 wins in 2019. (SAY IT WITH PRIDE, MARC!)Philadelphia Phillies
52%
2Caught the last out of the 1969 World Series to beat the Orioles in Game 5.Cleon Jones
50%
17This high school phenomenon was selected #1 overall in the 1980 amateur draft by the Mets.Darryl Strawberry
50%
52The Mets closed down Shea Stadium after the 2008 season, and the next year, they played their first season in this new Mets stadium.Citi Field
48%
65In the 2015 NLCS, the Mets swept the Cubs with the help of this star second baseman and NLCS MVP.Daniel Murphy
48%
59In 2014, the Mets called up this right handed flamethrower who went onto to win the NL Rookie of The Year, and later on a Cy Young award in 2018. (Probably another Cy Young in 2019, still TBD)Jacob deGrom
48%
55In 2012, the first no-hitter in Mets history was thrown by this left handed pitcher, who barely pitched after the no-hitter was thrown.Johan Santana
48%
56At the end of the 2012 season, this starting pitcher became the first knuckleballer and the third Met to ever win a Cy Young award in his final season with the Mets at age 37.RA Dickey
48%
15The Mets won the NL East division in 1973, with ONLY this amount of games won.82
47%
32The First Baseman that committed the E3 in the bottom of the 10th in Game 6.Bill Buckner
47%
66This pitcher blew 3 saves in the World Series against the Kansas City Royals in 2015. And would eventually have a 51 save season in 2016.Jeurys Familia
47%
62Less than 5 minutes left in the trade deadline, the Mets acquired this outfield slugger from the Tigers for only two minor league prospects. He would eventually carry the Mets past the Nationals and to a division title in 2015.Yoenis Cespedes
47%
67In the 2018 offseason, the Mets traded Jay Bruce and Anthony Swarzak to the Mariners for Robinson Cano and this all star closer who was complete GARBAGE in 2019.Edwin Diaz
45%
54This shortstop from the Dominican Republic in 2011, became the first player ever to win the NL batting title for the Mets with a .337 batting average, beating out Ryan Braun of the Milwaukee Brewers.Jose Reyes
45%
7Manager of the 1969 MetsGil Hodges
43%
68At the 2019 trade deadline, the Mets traded for this star pitcher from the Blue Jays for two minor pitchers.Marcus Stroman
43%
58This (at the time) Mets ace started for the National League in the 2013 All-Star Game, with the game being held at Citi Field.Matt Harvey
43%
70At the end of the 2019 season, the Mets fired this idiot mouse with an IQ of 12 from the managing position.Mickey Callaway
43%
43During the 1998 season, the Mets acquired this world-shocking power-hitting catcher who was drafted in the 62nd round in 1987.Mike Piazza
43%
30Hit a routine ground ball to first that went under the first baseman's legs and in to right field for the game winner in the bottom of the 10th in Game 6.Mookie Wilson
43%
60This local boy pitcher from Stony Brook, collected three hits in his MLB debut in 2015.Steven Matz
43%
46This player hit an emotional game-winning home run to left field vs. Braves in the first game played since the September 11th terrorist attacks in New York City.Mike Piazza
42%
14The infamous quote originally said by Tug McGraw, that Mets fans still live by to this day.”Ya Gotta Believe”
42%
49The Mets signed this All-Star outfielder in 2005, who led the Astros to 2 National League pennants, and later on in 2006 struck out looking for the final out the NLCS against the Cardinals.Carlos Beltran
40%
31Scored the winning run on the E3 in the bottom of the 10th in Game 6.Ray Knight
40%
63In Game 2 of the NLDS in 2015, Chase Utley broke this young shortstop's leg on a dirty slide into second base.Ruben Tejada
40%
4The first team the New York Mets every played in 1962 (first year).St. Louis Cardinals
40%
41The unprofessional idiot veteran the Mets signed in 1998, who they’re still paying until the year 2030.Bobby Bonilla
38%
64The Mets won the 2015 NLDS against this team and in this many games. (Team, games in series)Los Angeles Dodgers, 5
38%
45The Mets lost the 2000 World Series to this team, and this many games. (Team, games in series)The God Damn Yankees, 5
38%
13Lost in the 1973 World Series to this team, and this many games. (Team, games in series)Oakland Athletics, 7
35%
251986 World Series MVP for the Mets.Ray Knight
35%
191983 ROTY and 1984 ROTY for the Mets. ( ______ and ______)Darryl Strawberry and Dwight Gooden
33%
44This second baseman had a breakout season for the Mets in 1999, and could possibly go down as the greatest second baseman in Mets history.Edgardo Alfonzo
33%
21The Mets beat this team in the 1986 NLCS in 6 games, the clinching game lasted this many innings.Houston Astros, 16
33%
40As well in 1993, the Mets traded for this All-Star closer, who would eventually later on be named the Team Captain.John Franco
33%
48In a span of about a calendar year in 2003-04, the Mets called up these two top prospects positioned at shortstop and third baseman. ( _______ and _______ )Jose Reyes and David Wright
33%
22Starting Pitcher for the Red Sox in Game 6 of the 1986 World Series.Roger Clemens
33%
12Replaced as Mets manager in 1972, after the previous manager tragically passed away.Yogi Berra
32%
25The score of Game 6 after the top of the 10th inning.5-3
30%
23Starting Pitcher for the Mets in Game 6 of the 1986 World Series.Bob Ojeda
30%
3The other team that was brought in as an expansion along with the Mets.Houston Colt 45s
30%
34The relief pitcher who threw his glove high in the air after recording the final out for the Mets in Game 7 of the 1986 World Series.Jesse Orosco
30%
28Scored the first Met run the in the bottom of the 10th in Game 6. Made the score 5-4 Boston.Gary Carter
27%
38Mets lost the 1988 NLCS to this team in 7 games.Los Angeles Dodgers
27%
50On the last game of the 2007 season, this pitcher capitalized the Mets blowing a 7.5 game lead with 17 games left by giving up 7 runs to the Florida Marlins to officially eliminate the Mets from playoff contention.Tom Glavine
27%
47The Mets signed many future busts in 2002, including this disappointing power hitting first baseman.Mo Vaughn
25%
57The Mets traded away their 2012 Cy Young winner along with Josh Thole to the Blue Jays for these two prospects that eventually became huge contributors in the future. ( _______ and _______ )Noah Syndergaard and Travis D'Arnaud
25%
61The "no trade" for Carlos Gomez involved these two players from the Mets. ( _______ and _______ )Wilmer Flores and Zack Wheeler
25%
42The embarrassment 1996 Mets season was only highlighted by this switch-hitting catcher’s incredible All-Star year.Todd Hundley
23%
24In Game 6 of the 1986 World Series, this superstar center fielder hit a homerun to give Boston the lead in the Top of the 10th inning. Made the score 4-3 Boston.Dave Henderson
22%
16This 1B was traded to the Padres in 1977.Dave Kingman
22%
29Scored the tying run for the Mets on a wild pitch in the bottom of the 10th in Game 6.Kevin Mitchell
22%
33The relief pitcher who blew the save in the bottom of the 10th in Game 6.Calvin Schiraldi
18%
27The next 2 batters that got on base in the bottom of the 10th in Game 6. ( ______ and ______)Gary Carter and Kevin Mitchell
18%
53In the 2011 offseason, the Mets brought in a new GM and team manager. ( _____ and _____ )Terry Collins and Sandy Alderson
18%
11He hit the first home run at Shea Stadium. (Hint: Not a Met)Willie Stargell
18%
37Mets backup catcher Ed Hearn was traded to the Royals in 1987, for this left handed pitching specialist.David Cone
17%
26The first 2 batters that got out in the bottom of the 10th in Game 6. ( ______ and ______)Wally Backman and Keith Hernandez
17%
36This team was the next location of the Mets’ 1986 World Series MVP in 1987 due to contract disputes.Baltimore Orioles
13%
39Mets traded these two members of the 1986 team to Philadelphia in 1993 for a few no-names. ( ______ and _______ )Lenny Dykstra and Roger McDowell
13%
51In 2008, the Mets signed this two-time Cy Young winner from this team. (player, team)Johan Santana, Minnesota Twins
8%

Score Distribution

Percentile by Number Answered

Percent of People with Each Score

Your Score History

You have not taken this quiz